The most good you can do (Record no. 5473)

MARC details
000 -CABECERA
campo de control de longitud fija 02461cam a2200325 i 4500
001 - NÚMERO DE CONTROL
campo de control 991010579719704336
005 - FECHA Y HORA DE LA ÚLTIMA TRANSACCIÓN
campo de control 20260515120853.0
008 - DATOS DE LONGITUD FIJA--INFORMACIÓN GENERAL
campo de control de longitud fija 141113s2015 ctua b 001 0 eng
010 ## - NÚMERO DE CONTROL DE LA BIBLIOTECA DEL CONGRESO
Número de control de LC 2014035965
020 ## - NÚMERO INTERNACIONAL ESTÁNDAR DEL LIBRO
Número Internacional Estándar del Libro 9780300180275
Información calificativa hardcover
-- alkaline paper
020 ## - NÚMERO INTERNACIONAL ESTÁNDAR DEL LIBRO
Número Internacional Estándar del Libro 0300180276
Información calificativa hardcover
-- alkaline paper
035 ## - NÚMERO DE CONTROL DEL SISTEMA
Número de control de sistema (CaACU)4145027-01ucalg_inst
035 ## - NÚMERO DE CONTROL DEL SISTEMA
Número de control de sistema (OCoLC)40024742450
035 ## - NÚMERO DE CONTROL DEL SISTEMA
Número de control de sistema (OCoLC)890614537
040 ## - FUENTE DE LA CATALOGACIÓN
Centro catalogador/agencia de origen DLC
Normas de descripción rda
Lengua de catalogación eng
Centro/agencia transcriptor DLC
Centro/agencia modificador YDX
-- YDXCP
-- BTCTA
-- BDX
-- OCLCF
-- NhCcYME
-- UtOrBLW
041 ## - CÓDIGO DE LENGUA
Código de lengua del texto/banda sonora o título independiente English
042 ## - CÓDIGO DE AUTENTICACIÓN
Código de autenticación pcc
050 00 - SIGNATURA TOPOGRÁFICA DE LA BIBLIOTECA DEL CONGRESO
Número de clasificación BJ1474
Número de documento/Ítem .S56 2015
100 ## - ENTRADA PRINCIPAL--NOMBRE DE PERSONA
Nombre de persona Singer, Peter,
Fechas asociadas al nombre 1946-
Término indicativo de función/relación author.
245 14 - MENCIÓN DE TÍTULO
Título The most good you can do
Resto del título : how effective altruism is changing ideas about living ethically
Mención de responsabilidad, etc. / Peter Singer.
264 #1 - PRODUCCIÓN, PUBLICACIÓN, DISTRIBUCIÓN, FABRICACIÓN Y COPYRIGHT
Producción, publicación, distribución, fabricación y copyright New Haven :
Nombre del de productor, editor, distribuidor, fabricante Yale University Press,
Fecha de producción, publicación, distribución, fabricación o copyright [2015]
264 #4 - PRODUCCIÓN, PUBLICACIÓN, DISTRIBUCIÓN, FABRICACIÓN Y COPYRIGHT
Fecha de producción, publicación, distribución, fabricación o copyright 2015
300 ## - DESCRIPCIÓN FÍSICA
Extensión xiii, 211 pages ;
Dimensiones 22 cm.
490 1# - MENCIÓN DE SERIE
Mención de serie Castle lectures in ethics, politics, and economics
504 ## - NOTA DE BIBLIOGRAFÍA, ETC.
Nota de bibliografía, etc. Includes bibliographical references and index.
520 ## - SUMARIO, ETC.
Sumario, etc. Peter Singer’s books and ideas have been disturbing our complacency ever since the appearance of Animal Liberation. Now he directs our attention to a new movement in which his own ideas have played a crucial role: effective altruism. Effective altruism is built upon the simple but profound idea that living a fully ethical life involves doing the "most good you can do." Such a life requires an unsentimental view of charitable giving: to be a worthy recipient of our support, an organization must be able to demonstrate that it will do more good with our money or our time than other options open to us. Singer introduces us to an array of remarkable people who are restructuring their lives in accordance with these ideas, and shows how living altruistically often leads to greater personal fulfillment than living for oneself.<br/><br/>The Most Good You Can Do develops the challenges Singer has made, in the New York Times and Washington Post, to those who donate to the arts, and to charities focused on helping our fellow citizens, rather than those for whom we can do the most good. Effective altruists are extending our knowledge of the possibilities of living less selfishly, and of allowing reason, rather than emotion, to determine how we live. The Most Good You Can Do offers new hope for our ability to tackle the world’s most pressing problems.
650 #0 - PUNTO DE ACCESO ADICIONAL DE MATERIA--TÉRMINO DE MATERIA
Término de materia o nombre geográfico como elemento de entrada Altruism
9 (RLIN) 12124
650 #0 - PUNTO DE ACCESO ADICIONAL DE MATERIA--TÉRMINO DE MATERIA
Término de materia o nombre geográfico como elemento de entrada Ethics
9 (RLIN) 947
942 ## - ELEMENTOS DE ENTRADA AGREGADA (KOHA)
Fuente del sistema de clasificación o colocación Clasificación de Library of Congress
Holdings
Estado de retiro Estado de pérdida Fuente del sistema de clasificación o colocación Estado dañado No para préstamo Biblioteca de origen Biblioteca actual Fecha de adquisición Total de préstamos Signatura topográfica completa Fecha visto por última vez Número de copia Precio válido a partir de Tipo de ítem Koha Nota pública
    Clasificación de Library of Congress     TBS Barcelona TBS Barcelona 15/05/2026   BJ1474 SIN 15/05/2026 1 15/05/2026 Book SOON AVAILABLE

Powered by Koha